Sharh Al-Aqeedat-Il-Wasitiyah (Record no. 14524)

MARC details
000 -LEADER
fixed length control field 00580nam a2200241 a 4500
020 ## - INTERNATIONAL STANDARD BOOK NUMBER
ISBN
082 00 - DEWEY DECIMAL CLASSIFICATION NUMBER
Classification number 297.2
Author Cutter TAI3
100 ## - MAIN ENTRY--AUTHOR NAME
Author name Taimiyah, Ibn
245 ## - TITLE STATEMENT
Title Sharh Al-Aqeedat-Il-Wasitiyah
260 ## - PUBLICATION, DISTRIBUTION, ETC. (IMPRINT)
Place of publication Riyadh
Name of publisher Darus Salam Publications
Year of publication 1966
300 ## - PHYSICAL DESCRIPTION
Number of Pages 222p
500 ## - GENERAL NOTE
General note includes index and biblioraphy
505 2# - FORMATTED CONTENTS NOTE
Formatted contents note Index
650 ## - SUBJECT ADDED ENTRY--TOPICAL TERM
Topical Term Islam-Doctrines
942 ## - ADDED ENTRY ELEMENTS (KOHA)
Koha item type Books
700 1# -
-- Taimiyah, Ibn
Holdings
Collection code Home library Current library Date acquired Cost, normal purchase price Full call number Accession Number Koha item type
  Henry Martyn Institute Library Henry Martyn Institute Library 07/11/2007 150.00 297.2 TAI3 020138 Books
                   Copyright © 2026 | Henry Martyn Institute | Hyderabad | TS-500052 | INDIA | Implemented by hmi.edu.in
Hit-Count:

Powered by Koha